000 00897cam a2200277 a 4500
001 136
003 BR-CuiBMT
005 20231114001935.0
008 230818s2021 mgb 000 0 por d
020 _a976555181494
040 _aBR-CuiBMT
_cBR-CuiBMT
080 _22007
_a342:351.74
090 _a342:351.74
_bD532d
100 1 _aDezan, Sandro Lúcio
245 1 0 _aDireito constitucional de polícia judiciária /
_cSandro Lúcio Dezan, Guilherme Cunha Werner.
260 _aBelo Horizonte :
_bFórum,
_c2021.
300 _a275 p. ;
_c22 cm
490 1 _aCurso de direito de polícia judiciária ;
_vv. 2
504 _aInclui bibliografia.
650 _aDireito público
650 _aDireito constitucional
_xPolícia judiciária
650 _aDireito processual penal
700 1 _aWerner, Guilherme Cunha
830 0 _aCurso de direito de polícia judiciária ;
_v2
942 _2udc
_cLV
999 _c136
_d136